Responses for show #7683 - Wednesday, January 24, 2018

Rachel Lindgren game 4.

Contestants

[<< previous game]

Eric Raygor, a pastor from Somerset, Pennsylvania

Del Scott, a data scientist from San Francisco, California

Rachel Lindgren, a fire lookout from Bend, Oregon (whose 3-day cash winnings total $54,200)

[next game >>]

Jeopardy! Round responses

THE GOLD STANDARD
ONLY GEOGRAPHY
BALLET
SPORTS UPSETS
MISS NOMERS
"EXO"
    $200 16
currency

Rachel
    $200 8
Hawaii

Del
    $200 26
The Nutcracker

Eric
    $200 3
the New York Giants

Del
    $200 21
Miss Universe

Eric
    $200 1
an exodus

Rachel
    $400 17
silver

Del
    $400 9
(Eric: What is Africa?)
(Rachel: What is Oceania?)

Australia

RachelEric
Triple Stumper
    $400 27
Lizzie Borden

Triple Stumper
    $400 4
Lake Placid

Del
    $400 22
plastic surgery

Eric
    $400 2
an exorcism

Eric
    $600 18
inflation

Del
    $600 10
Lake Michigan

Rachel
    $600 28
[The end-of-round signal sounds.]

Rodeo

Triple Stumper
    $600 5
the University of Houston

Del
    $600 23
"Miss Independent"

Del
    $600 13
(Eric: What is to excuse?)

exonerate

RachelEric
    $800 19
1933

Triple Stumper
    $800 11
(Eric: What is Budapest?)

Nicosia

Eric
Triple Stumper
    $800 6
Greco-Roman

Del
    $800 24
a landmine

Rachel
    $800 14
exorbitant

Del
    $1000 20
fiat money

Triple Stumper
    $1,000 12
(Rachel: What is... Suriname?)

Guyana

Rachel
    $1000 7
Man o' War

Triple Stumper
    $1000 25
Miss Congeniality

Rachel
    $1000 15
exocrine

Eric

Scores at the first commercial break (after clue 15):

Rachel Del Eric
$0 $3,000 -$400

Scores at the end of the Jeopardy! Round:

Rachel Del Eric
$2,000 $4,600 $400

Double Jeopardy! Round responses

THE GOLD STANDARDS
THE NOT-SO-BIG CATS
PITT LIT
SOUNDS LIKE MY FIRST MARRIAGE
"YOU" TUNES
LET'S TALK DESSERT
    $400 1
sneakers

Rachel
    $400 2
a fisher cat (or fishing)

Rachel
    $400 26
steel mills

Eric
    $400 17
(Del: Who is Dali?)
(Rachel: Who is Neruda?)

Picasso

RachelDelEric
    $400 12
"You're So Vain"

Rachel
    $400 7
a fruitcake

Eric
    $800 22
Gallup

Del
    $800 3
Africa

Rachel
    $800 23
Mohammed

Triple Stumper
    $800 13
(Eric: What is "You Lost That Lovin' Feelin'"?)
(Alex: Say it again.)
(Eric: What is "You Lost That Lovin' Feeling?")
...
(Rachel: What is "You've Lost"--)
(Alex: You've. Y-O-U-V-E.)
(Rachel: --"That Loving Feeling"?)

"You've Lost That Lovin' Feelin'"

RachelEric
    $800 8
the pudding

Rachel
    $1200 21
Fender

Rachel
    $1200 4
bobcat

Rachel
    $1200 24
Heidi Klum

Del
    $1200 14
"Look What You Made Me Do"

Del
    $1200 9
(Del: What is to glaze?)

sugarcoat

Del
Triple Stumper
    $1600 19
(Rachel: What are speedwagons?)
(Eric: What are fire trucks?)
[Rachel's response was originally ruled incorrect but ruled correct before the first Daily Double. Eric's penalty for the subsequent incorrect response was removed.]

cars (or speedwagons)

Rachel
    $1600 5
a Pampas cat

Rachel
    $2,500 25
(Del: Who is Johnson?)
...
(Alex: We have less than a minute now.)

Custis

Del
    $1600 15
"Treat You Better"

Del
    $1600 10
peaches and cream

Triple Stumper
    $2000 20
chief of staff

Eric
    $2000 6
[Applause for Rachel running the category]

a leopard

Rachel
    $2000 27
[The end-of-round signal sounds.]

The Memory Keeper's Daughter

Triple Stumper
    $2000 18
Increase Mather

Triple Stumper
    $2000 16
"All You Need Is Love"

Del
    $2000 11
(Eric: What is... crow? No. What is [*]?)

humble pie

Eric

Scores at the end of the Double Jeopardy! Round:

Rachel Del Eric
$12,800 $7,300 $4,800

[wagering suggestions for these scores]

Final Jeopardy! Round responses

BUSINESS & INDUSTRY
EricWhat is Publisher's Clearinghouse
$4,798
DelWhat is reader's digest?
$5,501
RachelWhat is Publisher's?
$1,801
Publishers Clearing House

Final scores:

Rachel Del Eric
$10,999 $1,799 $9,598
4-day champion: $65,199 3rd place: $1,000 2nd place: $2,000

Game dynamics:

Coryat scores:

Rachel Del Eric
$13,800 $9,800 $4,800
17 R,
3 W
(including 1 DD)
14 R,
3 W
(including 1 DD)
10 R,
4 W

Combined Coryat: $28,400

The J! Archive is created by fans, for fans. The Jeopardy! game show and all elements thereof, including but not limited to copyright and trademark thereto, are the property of Jeopardy Productions, Inc. and are protected under law. This website is not affiliated with, sponsored by, or operated by Jeopardy Productions, Inc. Join the discussion at JBoard.tv.